| 000 | 00757nam a22002291 4500 | ||
|---|---|---|---|
| 001 | 142204 | ||
| 003 | ES-MaACL | ||
| 005 | 20230906200453.0 | ||
| 007 | t| | ||
| 008 | 071003s1971 sp ||||0| spa d | ||
| 016 | 7 | _zIND2000946670 | |
| 040 |
_aM-BN _bspa _cCDM |
||
| 080 | _a179.8 | ||
| 080 | _a241.13 | ||
| 100 | 1 |
_aWindass, Stanley. _9117061 |
|
| 245 | 1 | 3 |
_aEl cristianismo frente a la violencia _b: estudio sociológico e histórico de la actitud del cristianismo frente a la guerra / _cStanley Windass ; [traducción por Gonzalo Arias]. |
| 260 |
_aMadrid : _bMarova, _c1971. |
||
| 300 |
_a171 p. ; _c18 cm. |
||
| 650 | 1 | 4 |
_aViolencia- _xAspectos religiosos. _917813 |
| 700 | 1 |
_aArias, Gonzalo. _922747 |
|
| 852 |
_aES-MaACL _jC-40340 _bR.77767 |
||
| 999 |
_c142204 _d142204 |
||